=LDR 00000nam 2200000 4500 =001 INLIS000000000034198 =005 20130612140119 =008 ***********************************ind** =035 ##$$0010-061300000034198 =041 ##$$a ind =082 ##$$a 650 =090 ##$$a 650, Fri s =100 ##$$a FRIEDMAN, Vincent =245 ##$$a Selds of success, 20 stragi cerdasmenggapai kesuksesan bisnis dan pribadi anda, Vincent Friedman ; penerjemah, Slamet Rianto ; editor, Sunarni =260 ##$$a 2008 $b Jakarta =300 ##$$a vi, 448 hlm, 21 cm =650 ##$$a Bisnis =700 ##$$a Rianto, Slamet =850 ##$$a NBPNMAT